|
|
|
|
| LEADER |
00000nas1a2200000 4500 |
| 001 |
380219 |
| 005 |
20231101062643.0 |
| 011 |
|
|
|a 0041-6053
|
| 035 |
|
|
|a (RuTPU)RU\TPU\prd\1021
|
| 035 |
|
|
|a PERI00001022
|
| 090 |
|
|
|a 380219
|
| 100 |
|
|
|a 20011210a19499999k y0rusy50 ca
|
| 101 |
0 |
|
|a rus
|
| 102 |
|
|
|a UA
|
| 110 |
|
|
|a afaz 0uu0
|
| 200 |
1 |
|
|a Украинский математический журнал
|e научный журнал
|f Академия наук Украинской ССР (АН УССР), Институт математики
|
| 210 |
|
|
|a Киев
|c Наукова думка
|d 1955-1991
|
| 305 |
|
|
|a Издается с 1949 г.
|
| 326 |
|
|
|a 12 номеров в год
|
| 610 |
1 |
|
|a математика
|
| 610 |
1 |
|
|a математический анализ
|
| 610 |
1 |
|
|a дифференциальные уравнения
|
| 610 |
1 |
|
|a математическая физика
|
| 610 |
1 |
|
|a теория вероятности
|
| 610 |
1 |
|
|a случайные процессы
|
| 610 |
1 |
|
|a функциональный анализ
|
| 675 |
|
|
|a 51
|v 3
|
| 712 |
0 |
2 |
|a Академия наук Украинской ССР (АН УССР)
|b Институт математики
|2 stltpush
|3 (RuTPU)RU\TPU\col\11281
|
| 801 |
|
0 |
|a RU
|b 63413507
|c 20011210
|g PSBO
|
| 801 |
|
2 |
|a RU
|b 63413507
|c 20180119
|g RCR
|
| 942 |
|
|
|c CR
|